|
|
|
|
| LEADER |
00000nam0a2200000 4500 |
| 001 |
189504 |
| 005 |
20231031175240.0 |
| 035 |
|
|
|a (RuTPU)RU\TPU\book\206030
|
| 090 |
|
|
|a 189504
|
| 100 |
|
|
|a 20101224d1982 k y0rusy50 ca
|
| 101 |
0 |
|
|a rus
|
| 102 |
|
|
|a RU
|
| 105 |
|
|
|a a z 001zy
|
| 200 |
1 |
|
|a Прикладная электрохимия. Успехи и проблемы гальванотехники
|e межвузовский сборник
|f Н. В. Гудин
|g Казанский химико-технологический институт им. С. М. Кирова (КХТИ)
|
| 210 |
|
|
|a Казань
|c Изд-во КХТИ
|d 1982
|
| 215 |
|
|
|a 75 с.
|
| 320 |
|
|
|a Библиография в конце статей
|
| 610 |
1 |
|
|a прикладная электрохимия
|
| 610 |
1 |
|
|a гальванотехника
|
| 610 |
1 |
|
|a успехи
|
| 610 |
1 |
|
|a проблемы
|
| 610 |
1 |
|
|a металлы
|
| 610 |
1 |
|
|a гальванические покрытия
|
| 610 |
1 |
|
|a свойства
|
| 610 |
1 |
|
|a получатели
|
| 610 |
1 |
|
|a исследования
|
| 610 |
1 |
|
|a физико-механические свойства
|
| 675 |
|
|
|a 621.357
|v 3
|
| 700 |
|
1 |
|a Гудин
|b Н. В.
|
| 712 |
0 |
2 |
|a Казанский химико-технологический институт им. С. М. Кирова (КХТИ)
|c (1935-1992)
|2 stltpush
|3 (RuTPU)RU\TPU\col\3704
|
| 801 |
|
1 |
|a RU
|b 63413507
|c 20101224
|
| 801 |
|
2 |
|a RU
|b 63413507
|c 20110207
|g RCR
|
| 942 |
|
|
|c BK
|